00968nam a22002055i 4500001000700000003000900007005001700016008004100033110001900074245015400093260006500247300002000312490010900332500003400441710004400475830005500519852002300574999001900597952014600616172785ES-MaACL20250831061533.0090908s1932 sp |||| | spa d1 aEspaña9362210aRégimen comercial con el Salvador b: acuerdo de prórroga mediante canje de notas, firmadas en Madrid el 31 de octubre y 16 de noviembre de 1932. aMadrid : b[s.n.], c1932 (fImpr. del Ministerio de Estado) a4 p. ; c24 cm.1 aPublicaciones del Ministerio de Estado. Serie A: Acuerdos y Convenios Internacionales. Año 1932 ; v28 aLa cubierta sirve de portada.1 aEspaña. bMinisterio de Estado.9386600aPublicaciones del Ministerio de Estadov289189119 aES-MaACLj2300-F-2 c172785d172785 001040708Colección_de_folletosaATENEOMbATENEOMcDEPOFd2009-09-08eSCl0o2300-F-2p1181293r2023-02-23 00:00:00w2023-02-23yFOLLETOS